| 000 | 00921cam a22001815a 4500 | ||
|---|---|---|---|
| 001 | L156255 | ||
| 008 | 120509s1846 xxk f 000 0 eng d | ||
| 035 | _a(Sirsi) u156255 | ||
| 041 | 0 | _aeng | |
| 110 | 2 |
_aGreat Britain _bParliament _bHouse of Lords _96062 |
|
| 245 | 0 | 3 |
_aAn alphabetical list of the names, descriptions and places of abode of all persons subscribing to the amount of £2,000 and upwards to any Railway Subscription Contract _bdeposited in the Private Bill Office during the present session of Parliament, showing the amount subscribed by each person for every railway to which he may be a subscriber and the total amount of such subscriptions by each person. Ordered to be printed 10 July, 1845 |
| 260 |
_a[London _bs.n. _c1846] |
||
| 300 |
_a151 p. _c2o |
||
| 583 | 0 |
_aCondition reviewed _c20120620 _lcondition level 2 |
|
| 651 | 4 |
_aGreat Britain _y1707- |
|
| 690 |
_aInfrastructure _96246 |
||
| 942 | _n0 | ||
| 999 |
_c114131 _d114131 |
||